Statistics for Infinity - One Direction (All Lyrics)

Click here to take the quiz!

General Stats

  • This quiz has been taken 24 times
  • The average score is 278 of 334

Answer Stats

Answer% Correct
a
100%
baby
100%
count
100%
does
100%
fix
100%
heart
100%
how
100%
I
100%
in
100%
infinity
100%
it
100%
know
100%
many
100%
my
100%
nights
100%
oh
100%
on
100%
stars?
100%
take
100%
that's
100%
the
100%
time
100%
to
100%
yeah
100%
you
100%
an
92%
ever
92%
for
92%
stay?
92%
truth
92%
was
92%
when
92%
would
92%
all
85%
awake
85%
feel
85%
have
85%
hoping
85%
like
85%
okay
85%
some
85%
someone
85%
there
85%
and
77%
but
77%
lie
77%
mine
77%
of
77%
they're
77%
tried
77%
wanted
77%
wished
77%
counted
69%
Down
69%
down
69%
earth
69%
from
69%
if
69%
I'm
69%
never
69%
one
69%
only
69%
step
69%
two
69%
closer
62%
everybody
62%
eyes
62%
falling
62%
far
62%
faster
62%
hour
62%
hurts
62%
keep
62%
miles
62%
million
62%
no
62%
steps
62%
than
62%
wants
62%
way
62%
breath
54%
can't
54%
catch
54%
frozen
54%
going
54%
now
54%
out
54%
somehow
54%
still
54%
tryna
54%
turns
54%
with
54%
world
54%
being
46%
motion
46%
moving
46%
reverse
46%
shine
46%
spinning
46%
stuck
46%
'round
38%
unless
38%
wheels
38%
away
31%
bright
31%
burning
31%
it's like
31%
nothing
31%
there's
31%
behind
23%
left
23%
running
23%
since
23%
something
23%
went
23%
all I
15%
myself
15%

Score Distribution

Percentile by Number Answered

Percent of People with Each Score

Your Score History

You have not taken this quiz